Normal view
MARC view
- المنشات المدنيه-تحليل-تصميم
Entry Topical Term
001 - CONTROL NUMBER
- control field: 51948
003 - CONTROL NUMBER IDENTIFIER
- control field: JO-AjAnu
005 - DATE AND TIME OF LATEST TRANSACTION
- control field: 20230606082537.0
008 - FIXED-LENGTH DATA ELEMENTS
- fixed length control field: 230606|| aca||aabn | a|a d
040 ## - CATALOGING SOURCE
- Original cataloging agency: JO-AjAnu
- Transcribing agency: JO-AjAnu
150 ## - HEADING--TOPICAL TERM
- Topical term or geographic name entry element: المنشات المدنيه-تحليل-تصميم
670 ## - SOURCE DATA FOUND
- Source citation: Work cat.: (JO-AjAnu)26550: احمد، عبدالرحمن مجاهد, author 51947, دليل المهندسين في خواص ومقاومة واختبار المواد وتحليل الانشاءات وتصميم العناصر والمنشات المدنية ج5:نظرية وتحليل الانشاءات(ج)